Henri Matisse 1869-1954
Guardat en:
| Autor principal: | |
|---|---|
| Format: | Llibre |
| Idioma: | espanyol |
| Publicat: |
Barcelona
Timun
1962
|
| Col·lecció: | Colección El Libro de Arte de Bolsillo
|
| Matèries: | |
| Etiquetes: |
Afegir etiqueta
Sense etiquetes, Sigues el primer a etiquetar aquest registre!
|
MARC
| LEADER | 00000nam a2200000 a 4500 | ||
|---|---|---|---|
| 001 | UCO1827 | ||
| 003 | CL-VaPUC | ||
| 008 | 000519e19620000SP |||||||||||||||||spa|d | ||
| 082 | 0 | 4 | |a 759.4 |b HUY |2 21 |
| 100 | |a Huyghe, René |e author |9 567849 | ||
| 245 | 1 | 0 | |a Henri Matisse 1869-1954 |
| 300 | |a 24 p | ||
| 942 | |c BK | ||
| 945 | |d 20000519 00:00:00 |a rbrito | ||
| 260 | |a Barcelona |b Timun |c 1962 | ||
| 600 | 0 | |a Matisse, Henri, |d 1869-1954 |9 553758 | |
| 650 | 0 | |a Pintura francesa |9 266122 | |
| 650 | 0 | |a Pintores franceses |9 340354 | |
| 651 | 0 | |a Francia |9 255157 | |
| 583 | |a last modification |c 20000519 00:00:00 |k Rodrigo Vera | ||
| 490 | 0 | |a Colección El Libro de Arte de Bolsillo | |
| 999 | |c 288420 |d 288418 | ||
| 952 | |0 0 |1 0 |4 0 |6 759_400000000000000_HUY_1962 |7 0 |8 P |9 336089 |a BIBARQ |b BIBARQ |d 2019-11-20 |i 3620786 |o 759.4 HUY 1962 |p 3620786 |r 2025-01-20 |w 2019-11-20 |y BK |k ARQ | ||